Tekst kolędy "Wśród nocnej ciszy" - Statystyki

Ogólne statystyki
  • Ten quiz został rozwiązany 161 razy
    117 od ostatniego zresetowania
  • Średni wynik to 17 z 20
Statystyki odpowiedzi
Tekst % Poprawnych
Wśród nocnej {ciszy} głos się rozchodzi:
100%
Przywitać {Pana}.
99%
{Do} Betlejem pospieszajcie
98%
Poszli, znaleźli {Dzieciątko} w żłobie
98%
Wstańcie, pasterze, Bóg się {wam} rodzi.
98%
Z wielkiej {radości}:
94%
Czem {prędzej} się wybierajcie,
93%
Chleba i {wina}.
87%
A witając {zawołali}
86%
Nam się {objawił}.
86%
Cztery {tysiące} lat wyglądany.
83%
{Jako} Bogu cześć Mu dali,
81%
Na Ciebie króle, {prorocy}
81%
{Czekali}, a Tyś tej nocy
80%
Wierząc, {żeś} jest pod osłoną
79%
Z wszystkimi {znaki}, danymi sobie.
78%
I my {czekamy} na Ciebie, Pana,
77%
{Padniemy} na twarz przed Tobą,
74%
A skoro przyjdziesz na {głos} kapłana,
68%
Ach, witaj, Zbawco, z dawna {żądany},
65%
Nie znaleziono quizów pasujących do podanych kryteriów
Rozkład punktacji
Procent ludzi z każdym wynikiem
Percentyl według liczby udzielonych odpowiedzi
Twoja historia wyników
Nie rozwiązałeś tego quizu od ostatniego zresetowania